| 000 | 00847cam a22002891 4500 | ||
|---|---|---|---|
| 001 | 7978094 | ||
| 005 | 20240818092924.0 | ||
| 008 | 750528s1964 xx 000 0 eng | ||
| 010 | _a 63023341 | ||
| 015 | _aGB64-17939 | ||
| 035 | _a(OCoLC)1356976 | ||
| 040 |
_aDLC _cGAT _dUk _dDLC |
||
| 041 | 1 | _aengger | |
| 042 | _apremarc | ||
| 050 | 0 | 0 |
_aQA611 _b.K673 1964 |
| 082 |
_a514 _222 _bKOW |
||
| 100 | 1 |
_aKowalsky, Hans Joachim, _d1921- _97047 |
|
| 245 | 1 | 0 |
_aTopological Spaces/ _cby H. J. Kowalsky. Translated by Jay E. Strum. |
| 260 |
_aNew York: _bAcademic Press, _c1965 |
||
| 300 |
_a288 p.: _bill. ; _c24 cm. |
||
| 504 | _aBibliography: p. 281-282. | ||
| 650 | 0 |
_aTopology. _97048 |
|
| 942 |
_2ddc _cBB _hRDA-MOD |
||
| 999 |
_c12062 _d12062 |
||
| 336 |
_2rdacontent _atext _btxt |
||
| 337 |
_aunmediated _2rdamedia _bn |
||
| 338 |
_avolume _bnc _2rdacarrier |
||